Real Madrid - Numéros des Joueurs - Statistiques

Statistiques générales
  • Ce quiz a été pris 893 fois
    284 depuis la dernière actualisation
  • Le résultat moyen est 19 sur 22
Statistiques - réponses
Joueurs Numéros % Correct
Vinicius Junior 7
100%
Kylian Mbappé 9
100%
Jude Bellingham 5
98%
Luka Modric 10
97%
Rodrygo Goes 11
97%
Thibaut Courtois 1
93%
Federico Valverde 8
93%
Dani Carvajal 2
91%
David Alaba 4
90%
Eder Militao 3
89%
Eduardo Camavinga 6
89%
Brahim Diaz 21
85%
Aurélien Tchouaméni 14
83%
Lucas Vazquez 17
80%
Arda Güler 15
79%
Antonio Rüdiger 22
79%
Endrick 16
76%
Dani Ceballos 19
74%
Ferland Mendy 23
72%
Andriy Lunin 13
66%
Fran Garcia 20
66%
Raul Asencio 35
60%
Aucun quiz correspondant
Distribution des résultats
% des personnes avec chaque résultat
Percentile par nombre de réponses
Votre historique - résultats
Vous n’avez pas pris ce quiz depuis la dernière actualisation